<?xml version="1.0" encoding="UTF-8"?>
<collection xmlns="http://www.loc.gov/MARC21/slim">
 <record>
  <leader>01546nam a22002897a 4500</leader>
  <controlfield tag="001">34776</controlfield>
  <controlfield tag="003">BD-DhAAL</controlfield>
  <controlfield tag="005">20190715162008.0</controlfield>
  <controlfield tag="008">190715t2019    bg a|||| b|||f00| 0 eng d</controlfield>
  <datafield tag="999" ind1=" " ind2=" ">
   <subfield code="c">40887</subfield>
   <subfield code="d">40887</subfield>
  </datafield>
  <datafield tag="082" ind1=" " ind2=" ">
   <subfield code="a">362.58095492</subfield>
   <subfield code="2">23</subfield>
  </datafield>
  <datafield tag="245" ind1=" " ind2=" ">
   <subfield code="a">Study on employment, productivity and sectoral investment in Bangladesh /</subfield>
   <subfield code="c">General Economics Division (GED), Bangladesh Planning Commission, Ministry of Planning, Government of the People's Republic of Bangladesh</subfield>
  </datafield>
  <datafield tag="260" ind1=" " ind2=" ">
   <subfield code="a">Dhaka :</subfield>
   <subfield code="b">General Economics Division (GED), Bangladesh Planning Commission, Ministry of Planning, Government of the People's Republic of Bangladesh,</subfield>
   <subfield code="c">2019.</subfield>
  </datafield>
  <datafield tag="300" ind1=" " ind2=" ">
   <subfield code="a">xx, 196 pages :</subfield>
   <subfield code="b">illustrations ;</subfield>
   <subfield code="c">28 cm</subfield>
  </datafield>
  <datafield tag="504" ind1=" " ind2=" ">
   <subfield code="a">Includes bibliographical references.</subfield>
  </datafield>
  <datafield tag="526" ind1=" " ind2=" ">
   <subfield code="a">ESS</subfield>
  </datafield>
  <datafield tag="541" ind1=" " ind2=" ">
   <subfield code="a">Complementary copy from ESS Department.</subfield>
   <subfield code="e">34776</subfield>
  </datafield>
  <datafield tag="650" ind1=" " ind2=" ">
   <subfield code="a">Poverty </subfield>
   <subfield code="z">Bangladesh.</subfield>
   <subfield code="9">32917</subfield>
  </datafield>
  <datafield tag="650" ind1=" " ind2=" ">
   <subfield code="a">Poverty </subfield>
   <subfield code="x">Government policy</subfield>
   <subfield code="z">Bangladesh.</subfield>
   <subfield code="9">32919</subfield>
  </datafield>
  <datafield tag="650" ind1=" " ind2=" ">
   <subfield code="a">Poor</subfield>
   <subfield code="x">Employment</subfield>
   <subfield code="z">Bangladesh</subfield>
   <subfield code="v">Case studies.</subfield>
   <subfield code="9">32918</subfield>
  </datafield>
  <datafield tag="650" ind1=" " ind2=" ">
   <subfield code="a">Labor policy</subfield>
   <subfield code="z">Bangladesh</subfield>
   <subfield code="v">Case studies.</subfield>
   <subfield code="9">32914</subfield>
  </datafield>
  <datafield tag="650" ind1=" " ind2=" ">
   <subfield code="a">Labor supply</subfield>
   <subfield code="z">Bangladesh.</subfield>
   <subfield code="9">32915</subfield>
  </datafield>
  <datafield tag="650" ind1=" " ind2=" ">
   <subfield code="a">Economic indicators</subfield>
   <subfield code="z">Bangladesh.</subfield>
   <subfield code="9">32920</subfield>
  </datafield>
  <datafield tag="710" ind1=" " ind2=" ">
   <subfield code="a">Government of the People's Republic of Bangladesh,</subfield>
   <subfield code="b">Ministry of Planning,</subfield>
   <subfield code="b">Bangladesh Planning Commission,</subfield>
   <subfield code="b">General Economics Division (GED)</subfield>
   <subfield code="9">32916</subfield>
  </datafield>
  <datafield tag="852" ind1=" " ind2=" ">
   <subfield code="a">Ayesha Abed Library</subfield>
   <subfield code="c">General Stacks</subfield>
  </datafield>
  <datafield tag="942" ind1=" " ind2=" ">
   <subfield code="2">ddc</subfield>
   <subfield code="c">BK</subfield>
  </datafield>
  <datafield tag="952" ind1=" " ind2=" ">
   <subfield code="0">0</subfield>
   <subfield code="1">0</subfield>
   <subfield code="2">ddc</subfield>
   <subfield code="4">0</subfield>
   <subfield code="6">362_580954920000000_STU</subfield>
   <subfield code="7">0</subfield>
   <subfield code="9">65619</subfield>
   <subfield code="a">BRACUL</subfield>
   <subfield code="b">BRACUL</subfield>
   <subfield code="c">GEN</subfield>
   <subfield code="d">2019-07-15</subfield>
   <subfield code="l">0</subfield>
   <subfield code="o">362.58095492 STU</subfield>
   <subfield code="p">3010034776</subfield>
   <subfield code="r">2019-07-15</subfield>
   <subfield code="t">1</subfield>
   <subfield code="w">2019-07-15</subfield>
   <subfield code="y">BK</subfield>
  </datafield>
 </record>
</collection>
